Paranoid visions : (Record no. 31013)
[ view plain ]
| 000 -LEADER | |
|---|---|
| fixed length control field | 02623cam a22003614i 4500 |
| 001 - CONTROL NUMBER | |
| control field | 14860998 |
| 003 - CONTROL NUMBER IDENTIFIER | |
| control field | EG-ScBUE |
| 005 - DATE AND TIME OF LATEST TRANSACTION | |
| control field | 20251126095149.0 |
| 008 - FIXED-LENGTH DATA ELEMENTS--GENERAL INFORMATION | |
| fixed length control field | 170928s2017 enk f b 01 0 eng d |
| 020 ## - INTERNATIONAL STANDARD BOOK NUMBER | |
| Cancelled/invalid ISBN | 9781784994150 |
| 040 ## - CATALOGING SOURCE | |
| Original cataloging agency | EG-ScBUE |
| Language of cataloging | eng |
| Description conventions | rda |
| Transcribing agency | EG-ScBUE |
| Modifying agency | EG-ScBUE |
| 043 ## - GEOGRAPHIC AREA CODE | |
| Geographic area code | e-uk--- |
| 082 04 - DEWEY DECIMAL CLASSIFICATION NUMBER | |
| Edition number | 22 |
| Classification number | 791.45658 |
| Item number | OLD |
| 100 1# - MAIN ENTRY--PERSONAL NAME | |
| Personal name | Oldham, Joseph, |
| Relator term | author. |
| 245 10 - TITLE STATEMENT | |
| Title | Paranoid visions : |
| Remainder of title | Spies, conspiracies and the secret state in British television drama / |
| Statement of responsibility, etc | Joseph Oldham. |
| 264 #1 - PUBLICATION, DISTRIBUTION, ETC. (IMPRINT) | |
| Place of publication, distribution, etc | Manchester : |
| Name of publisher, distributor, etc | Manchester University Press, |
| Date of publication, distribution, etc | 2017. |
| 300 ## - PHYSICAL DESCRIPTION | |
| Extent | xii, 218 pages : |
| Other physical details | illustrations ; |
| Dimensions | 24 cm |
| 336 ## - CONTENT TYPE | |
| Content type term | text |
| Content type code | txt |
| Source | rdacontent |
| 337 ## - MEDIA TYPE | |
| Media type term | computer |
| Media type code | c |
| Source | rdamedia |
| 338 ## - CARRIER TYPE | |
| Carrier type term | online resource |
| Carrier type code | cr |
| Source | rdacarrier |
| 504 ## - BIBLIOGRAPHY, ETC. NOTE | |
| Bibliography, etc | Includes bibliographical references and index. |
| 505 0# - FORMATTED CONTENTS NOTE | |
| Formatted contents note | 'A balance of terror': Callan (ITV, 1967-72) as an existential thriller for television -- 'A professional's contest': procedure and bureaucracy in Special branch (ITV, 1969-74) and The sandbaggers (ITV, 1978-80) -- 'Who killed Great Britain?': Tinker tailor soldier spy (BBC 2, 1979) as a modern classic serial -- Conspiracy as a crisis of procedure in Bird of prey (BBC 1, 1982) and Edge of darkness (BBC 2 1985) -- Death of a master narrative: the battle for consensus in A very British coup (Channel 4, 1988) -- The precinct is political: espionage as a public service in Spooks (BBC 1, 2002-11) -- Conclusion. |
| 506 ## - RESTRICTIONS ON ACCESS NOTE | |
| Terms governing access | Access restricted by licensing agreement. |
| 520 8# - SUMMARY, ETC. | |
| Summary, etc | Paranoid Visions explores the history of the spy and conspiracy genres on British television, from 1960s Cold War series through 1980s paranoid conspiracy dramas to contemporary 'war on terror' thrillers. It analyses classic dramas including Tinker Tailor Soldier Spy, Edge of Darkness, A Very British Coup, and Spooks. This book will be an invaluable resource for television scholars interested in a new perspective on the history of television drama and intelligence scholars seeking an analysis of the popular representation of espionage with a strong political focus, as well as fans of cult British television and general readers interested in British cultural history. |
| 588 ## - SOURCE OF DESCRIPTION NOTE | |
| Source of description note | Description based on print version record. |
| 590 ## - LOCAL NOTE (RLIN) | |
| Local note | Access is available to the Yale community. |
| 650 #7 - SUBJECT ADDED ENTRY--TOPICAL TERM | |
| Topical term or geographic name as entry element | Spy television programs |
| Geographic subdivision | Great Britain |
| General subdivision | History and criticism. |
| Source of heading or term | BUEsh |
| 655 ## - INDEX TERM--GENRE/FORM | |
| Form subdivision | Reading book |
| 856 40 - ELECTRONIC LOCATION AND ACCESS | |
| Link text | Online book |
| Uniform Resource Identifier | <a href="https://yale.idm.oclc.org/login?URL=https://muse.jhu.edu/book/67210/">https://yale.idm.oclc.org/login?URL=https://muse.jhu.edu/book/67210/</a> |
| 942 ## - ADDED ENTRY ELEMENTS (KOHA) | |
| Source of classification or shelving scheme | Dewey Decimal Classification |
| Koha item type | Book - Borrowing |
| Withdrawn status | Lost status | Source of classification or shelving scheme | Damaged status | Not for loan | Collection code | Home library | Current library | Shelving location | Date acquired | Source of acquisition | Total Checkouts | Full call number | Barcode | Date last seen | Price effective from | Koha item type |
|---|---|---|---|---|---|---|---|---|---|---|---|---|---|---|---|---|
| Dewey Decimal Classification | Donation-Gift | Central Library | Central Library | Second Floor | 26/11/2025 | Donation | 791.45658 OLD | 000057407 | 26/11/2025 | 26/11/2025 | Book - Borrowing |